Decepticons in the Transformers movies 1-6 - Statistics

General Stats
  • This quiz has been taken 277 times
    212 since last reset
  • The average score is 29 of 60
Answer Stats
Vehicle Mode Character % Correct
Cybertronian Jet Megatron
99%
Lockheed MartinF-22 Raptor Starscream
98%
Cybertronian Satellite Soundwave
92%
Saleen S281Police Car Barricade
91%
Sikorsky MH-53JPave Low Blackout
79%
Cybertronian Tank Shockwave
78%
Buffalo Minesweeper Bonecrusher
77%
M1A1 Abrams Tank Brawl
74%
GPX Satellite Radio Frenzy
69%
Caterpillar 773B DumpTruck Long Haul
69%
Cybertronian Jet The Fallen
69%
Cybertronian Jaguar Ravage
65%
MACK Cement Mixer Truck Mixmaster
64%
Freightliner Argosy Truck Galvatron
63%
Sikorsky CH-53E SuperStallion Grindor
60%
Bozeman's North WesternJumping Confederate Motorcycle Mohawk
59%
T64 Engine (Blackout'sVehicle mode) Scorponok
59%
Organic/Robotic Scorpion Scorponok
59%
Audi R8 Sideways
59%
Lamborghini Aventador Lockdown
58%
Robotic Planet Unicron
57%
Western Star 4900SF Tow Truck Onslaught
56%
Caterpillar 992G Front Loader Scrapper
54%
Saab JAS 39 Gripen Nitro Zeus
53%
Pagani Huayra Stinger
53%
Chevrolet Suburban SUV Hatchet
51%
Caterpillar D9T Bulldozer Rampage
51%
Chevrolet Suburban SUV Crowbar
48%
Terex O&K RH400 Excavator Scavenger
48%
Cybertronian Worm The Driller
47%
Volkswagen Van Type 1 Dreadbot
46%
Pretender Alice
45%
Chevrolet Suburban SUV Crankcase
45%
Multiple Machines Laserbeak
45%
Peterbilt 359 Logging Semi-Truck Scourge
43%
Chevrolet Suburban SUV Berserker
41%
McDonnell Douglas F-4 Phantom II Blitzwing
41%
Komatsu HD465-7 DumpTruck Overload
41%
Kobeleco CK2500-II Crane Hightower
40%
Deformed Decepticon (LongHaul's head) Igor
40%
Light Microsope Scalpel
40%
AMC Javelin / Bell AH-1 SuperCobra Dropkick
38%
Volvo EC700C Excavator Scrapmetal
37%
Combination of Minicons Reedman
36%
Plymouth GTX / Harrier Jump Jet Shatter
36%
Caterpillar D9T Bulldozer Skipjack
34%
Cybertronian Tetra Jet Thundercracker
34%
Terex O&K RH400Excavator Demolishor
33%
Cybertronian Tetra Jet Skywarp
33%
Nissan Skyline GT-R R33 Nightbird
32%
GMC TopKick C7000 Tow Truck Battletrap
30%
Russian MAZ-7310 MissileLauncher Devcon
28%
Cybertronian Insect Insecticon
26%
Cybertronian Tetra Jet Thrust
25%
Multiple Weapons Freezer
21%
MACK TerraPro Garbage Truck Junkheap
19%
EX-STM 14-110 Bus Transit
18%
Superfund Security Truck Loader
16%
Multiple Weapons Novakane
13%
Chevrolet Trax KSI Trax
7%
No matching quizzes found
Score Distribution
Percent of People with Each Score
Percentile by Number Answered
Your Score History
You have not taken this quiz since the last reset